Transakcie medzi spoločníkom a konzorciom podnikom podľa IAS 31
Jednou z možností, akým môže podnik zrealizovať svoje obchodné zámery je aj vytvorenie konzorcia.
Salvato in:
| Autore principale: | |
|---|---|
| Natura: | Capitolo di libro |
| Lingua: | slovacco |
| Soggetti: | |
| Tags: |
Nessun Tag, puoi essere il primo ad aggiungerne!!
|
MARC
| LEADER | 00000nla$a2200000$$$4500 | ||
|---|---|---|---|
| 001 | 0128739 | ||
| 005 | 20240502072457.7 | ||
| 041 | 0 | |a slo | |
| 044 | |a SK | ||
| 245 | 1 | 0 | |a Transakcie medzi spoločníkom a konzorciom podnikom podľa IAS 31 |c Miloš Tumpach |
| 520 | |a Jednou z možností, akým môže podnik zrealizovať svoje obchodné zámery je aj vytvorenie konzorcia. | ||
| 610 | 2 | 0 | |a štandardy účtovné medzinárodné |
| 610 | 2 | 0 | |a podnik |
| 610 | 2 | 0 | |a konzorciá |
| 610 | 2 | 0 | |a spoločníci |
| 100 | 1 | |a Tumpach, Miloš, 1970- | |